Deftones ~ Daimond Eyes - Statistics

General Stats
  • This quiz has been taken 13 times
  • The average score is 98 of 141
Answer Stats
Answer % Correct
the
100%
I
92%
across
83%
for
83%
me
83%
see
83%
sky
83%
will
83%
all
75%
and
75%
And
75%
Time
75%
To
75%
to
75%
us
75%
we
75%
you
75%
edge
67%
lead
67%
off
67%
on
67%
on,
67%
once
67%
Once
67%
realign
67%
same
67%
Till
67%
away
58%
(Come
58%
Come
58%
get
58%
into
58%
Realm
58%
reign
58%
Shower
58%
take
58%
with
58%
embrace
50%
Calculate
42%
Daimonds
42%
Hold
42%
now)
42%
breaks
33%
I'll
33%
needle
33%
Outer
33%
Right
33%
right
33%
shakes
33%
space
33%
When
33%
coffin
25%
you'll
25%
No matching quizzes found
Score Distribution
Percent of People with Each Score
Percentile by Number Answered
Your Score History
You have not taken this quiz